La señorita mamá (Record no. 125146)

MARC details
000 -LEADER
campo de control de longitud fija 00983nam a2200253 i 4500
001 - NÚMERO DE CONTROL
campo de control 125146
003 - IDENTIFICADOR DE NÚMERO DE CONTROL
campo de control ES-MaACL
005 - FECHA Y HORA DE LA ÚLTIMA TRANSACCIÓN
campo de control 20250818063055.0
007 - CAMPO FIJO DE DESCRIPCIÓN FÍSICA--INFORMACIÓN GENERAL
campo de control de longitud fija t|
008 - DATOS DE LONGITUD FIJA--INFORMACIÓN GENERAL
campo de control de longitud fija 070504s1932 sp ||||1| spa d
080 ## - NÚMERO DE LA CLASIFICACIÓN DECIMAL UNIVERSAL
Número de la Clasificación Decimal Universal 860-22"19"
100 1# - ENTRADA PRINCIPAL--NOMBRE DE PERSONA
Nombre de persona Verneuil, Louis,
Fechas asociadas al nombre 1893-1952
9 (RLIN) 114177
245 13 - MENCIÓN DEL TÍTULO
Título La señorita mamá
Resto del título : comedia en tres actos /
Mención de responsabilidad, etc. Louis Verneuil ; versión castellana de Enrique F. Gutiérrez Roig ; dibujos de Antonio Merlo.
260 ## - PUBLICACIÓN, DISTRIBUCIÓN, ETC.
Lugar de publicación, distribución, etc. Madrid :
Nombre del editor, distribuidor, etc. [s.n.],
Fecha de publicación, distribución, etc. 1932 (
Fabricante Rivadeneyra)
300 ## - DESCRIPCIÓN FÍSICA
Extensión 61 p. ;
Dimensiones 17 cm.
490 1# - MENCIÓN DE SERIE
Mención de serie La Farsa ;
Designación de volumen o secuencia 243
500 ## - NOTA GENERAL
Nota general Estrenada en el Teatro Muñoz Seca, de Madrid, el día 15 de abril de 1932.
500 ## - NOTA GENERAL
Nota general Cubierta de este número: la actriz argentina Fanny Brena, feliz intérprete de La señorita mamá.
700 1# - ENTRADA AGREGADA--NOMBRE PERSONAL
Nombre de persona Gutiérrez-Roig, Enrique F.
9 (RLIN) 61218
700 1# - ENTRADA AGREGADA--NOMBRE PERSONAL
Nombre de persona Merlo, Antonio.
9 (RLIN) 80579
830 0# - PUNTO DE ACCESO ADICIONAL DE SERIE-TÍTULO UNIFORME
Título uniforme La Farsa ;
Designación de volumen o secuencia 243
9 (RLIN) 185863
852 ## - LOCALIZACIÓN
Ubicación ES-MaACL
Número de control de estantería 2225-F-5
Sublocalización o colección R.140775
Holdings
Estatus retirado Estado de pérdida Estado de daño No para préstamo Colección Biblioteca de origen Biblioteca actual Ubicación en estantería Fecha de adquisición Fuente de adquisición Total de préstamos Signatura topográfica completa Código de barras Visto por última vez Precio de reemplazo Tipo de ítem Koha
        Colección de folletos Biblioteca del Ateneo de Madrid Biblioteca del Ateneo de Madrid Depósito folletos 17/01/2008     2225-F-5 1130380 23/02/2023 23/02/2023 Folleto